000 00327nam a2200133Ia 4500
008 191201s2010 xx 000 0 und d
100 _aGUPTA,J B
245 0 _aBasic Electrical and Electronics Engineering
250 _aRep
260 _aN. Delhi
_bS.K.Kataria
_c2010
300 _a441
650 _aB.Tech(ECE)
942 _2ddc
_cBK
999 _c514
_d514